000 00361 a2200109 4500
001 ART_9431
005 20260410161835.0
008 260409a
245 1 0 _aNuevas disposiciones sobre las denunicas por dumping y/o subsidios
100 1 _aFratalocchi, Aldo
773 0 _tContabilidad y administración
_g- Año 4, Nº 44 (feb. 1981)
_wREV5485
999 _c23627
_d23627